Statistiques concernant Culture général football français

Cliquez ici pour prendre le quiz!

Statistiques générales

  • Ce quiz a été pris 264 fois
  • Le résultat moyen est 10 sur 20

Statistiques - réponses

QuestionRéponse% Correct
Club le plus titré de FrancePSG
95%
Plus grand stade de ligue 1Vélodrome
92%
Joueur surnommé "El matador"Edinson Cavani
90%
Club qui a pour hymne la chanson "les corons"RC Lens
85%
Club ayant le plus joué de 1/2 de LDCAS Monaco
68%
Club formateur de Zinedine ZidaneAS Cannes
65%
Club rival du FC Metz ayant formé Michel PlatiniAS Nancy
56%
Club champion en 1995 pratiquant un jeu basé sur un enchainement de passes très rapide et sur les qualités technique de ses attaquantsFC Nantes
55%
Entraineur emblématique de Lorient et père d'un des "nouveau Zidane"Christian Gourcuff
52%
Président emblématique de ligue 1 décédé en 2017Louis Nicollin
52%
Joueur formé à Montpellier, champion du monde en 1998 et surnommé "Le président"Laurent Blanc
48%
Club des Ardennes ayant marqué le début des années 2000CS Sedan
47%
Tribune ultra de l'olympique LyonnaisBad Gones
44%
Légende Tahitienne de L'OGC Nice et du FC Nantes connu pour sa fameuse célébration de la pagaieMarama Vahirua
23%
Joueur le plus jeune de l'histoire de la ligue 1 ayant fait son premier match à 15 ans et 10 moisLaurent Paganelli
19%
Seul équipe de division inférieur à avoir gagné la coupe de la ligueFC Gueugnon
17%
Club ayant atteint la final de la coupe des vainqueurs de coupes en 1978SC Bastia
14%
Serial buteur italien ayant fait le bonheur du PSG et de Monaco et ayant formé un duo de buteur avec David TrezeguetMarco Simone
13%
Attaquant emblématique du football italien étant l'un des plus grands flop de l'histoire de la ligue 1Christian Vieri
11%
Meilleur buteur de l'histoire de la Ligue 1Delios Onnis
7%

Distribution des résultats

Percentile par nombre de réponses

% des personnes avec chaque résultat

Votre développement - résultats

Vous n’avez pas pris ce quiz